L'architecture moderne de stile arabe (Record no. 76990)

MARC details
000 -LEADER
campo de control de longitud fija 00442nam a2200145 i 4500
001 - NÚMERO DE CONTROL
campo de control 76990
003 - IDENTIFICADOR DE NÚMERO DE CONTROL
campo de control ES-MaACL
007 - CAMPO FIJO DE DESCRIPCIÓN FÍSICA--INFORMACIÓN GENERAL
campo de control de longitud fija t|
008 - DATOS DE LONGITUD FIJA--INFORMACIÓN GENERAL
campo de control de longitud fija 041006q19001999fr ||||1| fre d
100 1# - ENTRADA PRINCIPAL--NOMBRE DE PERSONA
Nombre de persona Guy, Raphael.
9 (RLIN) 61260
245 12 - MENCIÓN DEL TÍTULO
Título L'architecture moderne de stile arabe
Resto del título : premiere serie /
Mención de responsabilidad, etc. Raphael Guy.
260 ## - PUBLICACIÓN, DISTRIBUCIÓN, ETC.
Lugar de publicación, distribución, etc. [S.l. :
Nombre del editor, distribuidor, etc. s.n.,
Fecha de publicación, distribución, etc. 19--?] (
Lugar de fabricación/manufactura Genève :
Fabricante Savas)
300 ## - DESCRIPCIÓN FÍSICA
Extensión 16 p., 16 lám. ;
Dimensiones 50 x 38 cm.
852 ## - LOCALIZACIÓN
Ubicación ES-MaACL
Número de control de estantería B-7730
Sublocalización o colección R.4558
Holdings
Estatus retirado Estado de pérdida Estado de daño No para préstamo Colección Biblioteca de origen Biblioteca actual Ubicación en estantería Fecha de adquisición Fuente de adquisición Total de préstamos Signatura topográfica completa Código de barras Visto por última vez Precio de reemplazo Tipo de ítem Koha
        Libros del s. XIX Biblioteca del Ateneo de Madrid Biblioteca del Ateneo de Madrid Sala Pardo Bazán 17/01/2008     B-7730 1080559 23/02/2023 23/02/2023 Libro impreso antiguo